Detalles MARC
| 000 -LIDER |
| fixed length control field |
01962nam a2200325 a 4500 |
| 001 - NÚMERO DE CONTROL |
| Identificador de número de control |
000039281 |
| 003 - IDENTIFICACDOR DE NÚMERO DE CONTROL |
| control field |
DO-SdBNP |
| 005 - DATE AND TIME OF LATEST TRANSACTION |
| control field |
20210507114017.0 |
| 007 - CAMPOS FIJOS DE DESCRIPCIÓN FÍSICA |
| fixed length control field |
000039281 |
| 008 - ELEMENTOS DE LONGITUD FIJA |
| fixed length control field |
130621s2012 dr a 000 0 spa d |
| 020 ## - ISBN |
| International Standard Book Number |
9789945472127 (v. 1) |
| 020 ## - ISBN |
| International Standard Book Number |
9789945472165 (v. 2) |
| 040 ## - FUENTE DE CATALOGACIÓN |
| Agencia que crea de manera original el registro |
BPMSU |
| Idioma de catalogación |
spa |
| Agencia que realiza la transcripción |
BPMSU |
| 082 ## - NÚMERO DE CLASIFICACIÓN DECIMAL DE DEWEY |
| Classification number |
627 |
| Item number |
M519h 2012 |
| Edition number |
22 |
| 100 1# - ASIENTO PRINCIPAL -- NOMBRE PERSONAL |
| Nombre personal |
Meléndez Valencia, Martín |
| 245 10 - MENCIÓN DE TITULO |
| Título |
Hidráulica : |
| Subtítulo |
prácticas de laboratorio / |
| Mención de responsabilidad |
Martín Meléndez Valencia, Juan Ernesto Castellanos Cunillera. |
| 260 ## - PUBLICACIÓN, DISTRIBUCIÓN, ETC. (PIE DE IMPRENTA) |
| Lugar de publicación, distribución, etc |
Santo Domingo : |
| Nombre del editor, distribuidor, etc. |
Instituto Tecnológico de Santo Domingo (INTEC), |
| Fecha de publicación, distribución, etc |
2012. |
| 300 ## - DESCRIPCIÓN FÍSICA |
| Extensión |
2 v. : |
| Otros detalles físicos |
il., retrs., gráfs. |
| Dimensiones |
29 cm. |
| 500 ## - NOTA GENERAL |
| Nota general |
Incluye notas al pie de las páginas |
| 504 ## - NOTA DE BIBLIOGRAFÍA, ETC. |
| Bibliography, etc |
Bibliografía : p. 99-100 |
| 505 ## - NOTA DE CONTENIDO |
| Texto normalizado de contenido |
Determinación de la altura total y curvas de caracterísicas de una bomba centrifuga -- Determinación de la altura de elevación total de la bomba -- Determinación de las curvas características de una bomba centrifuga -- Control de NPSH -- Bombas en serie y en paralelo -- Bombas que operan en serie -- Bombas que operan en paralelo -- Turbina Pelton -- Teorema de Torricelli I: flujo a travéz de un orificio -- Determinación del coeficiente de velocidad desde la trayectoria de un chorro de caída libre -- Determinación del coeficiente de descarga con una carga de fluido constante -- Flujo caraterístico sobre un aliviadero de una presa o a través de un sifón -- Características de flujo a través de un vertedor de Sifón -- Características de flujo a través de un sifón regulado por aire -- Flujo característico para una compuerta radial. |
| 590 ## - NOTA LOCAL |
| Enlace |
Inventariado, 2021/VM |
| 650 #4 - ENCABEZAMIENTO DE MATERIA--TEMÁTICO |
| Término temático o nombre geográfico como elemento de entrada |
Hidráulica |
| Subdivisión de forma |
Manuales de laboratorio. |
| 650 #4 - ENCABEZAMIENTO DE MATERIA--TEMÁTICO |
| Término temático o nombre geográfico como elemento de entrada |
Ingeniería hidráulica |
| Subdivisión de forma |
Manuales de laboratorio. |
| 700 1# - ASIENTO SECUNDARIO -- NOMBRE PERSONAL |
| Nombre personal |
Castellanos Cunillera, Juan Ernesto |
| 710 2# - ASIENTO SECUNDARIO -- NOMBRE CORPORATIVO |
| Nombre corporativo o de jurisdicción |
Instituto Tecnológico de Santo Domingo |
| 910 ## - VALIDACIÓN |
| Validación |
VMateo |
| 942 ## - ADDED ENTRY ELEMENTS (KOHA) |
| Source of classification or shelving scheme |
Dewey Decimal Classification |
| Koha item type |
Libros |
| 945 ## - INFORMACIÓN DE PROCESAMIENTO LOCAL |
| Información de procesamiento local |
|